Ausgewählte mittelschwere Klavierstücke

Hlavní autor: Weber, Carl Maria von, 1786-1826
Další autoři: Schmidt, Rudolf, 1897-1989
Jazyk: Nelze použít, není lingvistický obsah
Vydáno: Braunschweig : Henry Litolff's Verlag, c1937
Edice: Collection Litolff
Fyzický popis: 1 partitura (28 s.)
Hudebniny Hudebniny
Uloženo v:
LEADER 00894ncm a22002412a 4500
001 001264650
003 CZ BrMZK
005 20150810140402.0
007 qu
008 121113s1937 gw |||||||||||||||||zxx d
040 |a BOA001  |b cze 
072 7 |a 786  |x Hudba pro klávesové nástroje  |2 Konspekt  |9 9 
100 1 |a Weber, Carl Maria von,  |d 1786-1826  |7 jn19990008955  |4 cmp 
245 1 0 |a Ausgewählte mittelschwere Klavierstücke  |h [hudebnina] /  |c von Carl Maria Weber ; Neuausgabe von Rudolph Schmidt 
260 |a Braunschweig :  |b Henry Litolff's Verlag,  |c c1937 
300 |a 1 partitura (28 s.) 
490 1 |a Collection Litolff ;  |v Nr. 2847 
700 1 |a Schmidt, Rudolf,  |d 1897-1989  |7 mzk2015882043  |4 edt 
830 0 |a Collection Litolff 
910 |a BOA001  |b Mus4-0229.034 
990 |a MU 
991 |b 201211 
996 6 |b 2619493376  |c Mus4-0229.034  |l MZK  |r Sklad / do 1 hodiny  |n 0  |w 001298713  |u 000010  |a 1  |e BOA001  |j MZK50  |s P